Logo BPK

Biblioteka

Politechniki Koszalińskiej

Elektrownie wodne / (Rekord nr 7046)

Szczegóły MARC
000 -ETYKIETA REKORDU
podpole kontrolne o stałej długości 00344nam a2200145 i 4500
001 - NUMER KONTROLNY REKORDU
pole kontrolne bg
040 ## - ŹRÓDŁO KATALOGOWANIA
Instytucja, która utworzyła rekord BPK
041 ## - KOD JĘZYKA
Kod języka tekstu pol
008 - POLE O STAŁEJ DŁUGOŚCI - DANE KONTROLNE
podpole kontrolne o stałej długości s pl f |000 0 pol
100 1# - NAZWA OSOBOWA
Nazwa osobowa JUNIEWICZ, S.
245 #0 - TYTUŁ/ODPOWIEDZIALNOŚĆ
Tytuł Elektrownie wodne /
Pozostałe elementy strefy tytułu i oznaczenia odpowiedzialności S. Juniewicz, S. Michałowski.
260 ## - STREFA ADRESU WYDAWNICZEGO
Miejsce wydania Warszawa,
Data publikacji, dystrybucji/powstania dokumentu 1957.
700 1# - HASŁO DODATKOWE - NAZWA OSOBOWA
Nazwa osobowa MICHAŁOWSKI, S.
856 ## - LOKALIZACJA I DOSTĘP DO ELEKTRONICZNYCH DOKUMENTÓW ZDALNYCH
Link (URL) http://koha.tu.koszalin.pl/cgi-bin/koha/opac-detail.pl?biblionumber=7046
Tekst linku Katalog online BPK
942 ## - DODATKOWE ELEMENTY (KOHA)
Typ dokumentu Książka
Egzemplarze
Wycofany Status egzemplarza Uszkodzony Dostępność Lokalizacja stała Lokalizacja bieżąca Miejsce przechowywania Sygnatura Kod kreskowy Ostatnio wypożyczono Typ dokumentu
      Dostępny Biblioteka Politechniki Koszalińskiej Biblioteka Politechniki Koszalińskiej Wypożyczalnia BG P 1089 01243772 25.01.2023 Książka
      Dostępny Biblioteka Politechniki Koszalińskiej Biblioteka Politechniki Koszalińskiej Wypożyczalnia BG P 1089/L 01713169 06.02.2023 Książka
© 2023 Biblioteka Politechniki Koszalińskiej :: KOHA